000 00339nam a22001337a 4500
020 _a810-0335-115-5
082 _a510
_bVER/S
100 _aDr.SANJEEV VERMA, RAJESH K DEWAN
245 _aSARASWATI MATHEMATICS
_bCLASS IX
260 _aDELHI
_bSARASWATI PUBLICATIONS
_c2006
300 _a510
650 _aMATHS FOR CLASS IX
_zINDIA
942 _cBK
999 _c878
_d878